000 01487nam a2200373 i 4500
001 1534887244
003 Ingram
005 20251104150502.0
007 t|
008 250304s2025 nyua b 000 1 eng d
020 _a9781665948821
_qhardcover
035 _a(OCoLC)1534887244
040 _aTnLvILS
_beng
_erda
_cTnLvILS
092 _achildren leveled
_bPreller
100 1 _aPreller, James,
_eauthor.
_4aut.
_938808
245 1 0 _aTwo ballerinas . . . and a moose :
_bready-to-read Level 1 /
_cby James Preller ; illustrated by Abigail Burch.
264 1 _a[New York, New York] :
_bSimon Spotlight,
_c2025.
300 _a32 pages :
_bcolor illustrations ;
_c24 cm.
336 _atext
337 _aunmediated
338 _avolume
490 1 _aReady-to-read.
520 _a"Moose wants to dance gracefully like the two ballerinas he meets. He may not have ballet slippers, but he will not give up! Find out how he makes it work in this delightfully silly story about a moose on a mission."--
650 0 _aMoose
_vJuvenile fiction.
_95719474
650 0 _aBallerinas
_vJuvenile fiction.
_95727926
650 0 _aDance
_vJuvenile fiction.
_95675060
650 0 _aBallet
_vJuvenile fiction.
_95674126
650 1 _aMoose
_vFiction.
_95689493
650 1 _aBallerinas
_vFiction.
_95687440
650 1 _aDance
_vFiction.
_95675061
650 1 _aBallet
_vFiction.
_95674130
830 0 _aReady-to-read.
_nLevel 1.
942 _2ddc
_cBOOK
999 _c413256
_d413256